000 00461nam a2200133Ia 4500
008 100328s9999 xx 000 0 und d
082 _b36464
100 _aप्रभू बबन
245 _aझोपी गेलेला जागा झाला
260 _bमॅजेस्टिक
630 _aझोपी गेलेला जागा झाला
730 _aझोपी गेलेला जागा झाला
942 _cBOOK
999 _c526122
_d526119